रावीपार (Record no. 218035)

MARC details
000 -LEADER
fixed length control field 00498nam a2200169Ia 4500
008 - FIXED-LENGTH DATA ELEMENTS--GENERAL INFORMATION
fixed length control field 090201s9999 xx 000 0 und d
010 ## - LIBRARY OF CONGRESS CONTROL NUMBER
LC control number KPL-62791
040 ## - CATALOGING SOURCE
Language of cataloging मराठी
041 ## - LANGUAGE CODE
Language code of text/sound track or separate title मराठी
082 ## - DEWEY DECIMAL CLASSIFICATION NUMBER
Classification number 18124
Item number 62791
100 ## - MAIN ENTRY--PERSONAL NAME
Personal name गुलजार
245 ## - TITLE STATEMENT
Title रावीपार
Statement of responsibility, etc गुलजार
260 ## - PUBLICATION, DISTRIBUTION, ETC. (IMPRINT)
Date of publication, distribution, etc 2004
Name of publisher, distributor, etc मेहता पब्लिशिंग हाऊस
300 ## - PHYSICAL DESCRIPTION
Extent 193
Other physical details मोठा
600 ## - SUBJECT ADDED ENTRY--PERSONAL NAME
Personal name रावीपार
942 ## - ADDED ENTRY ELEMENTS (KOHA)
Koha item type Book

No items available.